• 首页
  • 本馆介绍
  • 公告通知
  • 最新文献
  • 馆藏检索
  • 电子资源
  • 读者荐购
  • 参考咨询
  • CALIS
  • 我的图书馆
  • 登录
  • 详细信息显示
  • 放入我的书架
  • 预约/预借图书
  • 作者相关作品
  • 分类相关作品
  • 丛书相关作品
  • 出版社相关作品

书目信息

  • 表格格式
  • 工作单格式
  • 卡片格式
题名:
20世纪中国纪实文学文库1949-1966平凡与崇高 第二辑人物卷
    
 
作者: 柯灵 主编
分册:  
出版信息: 上海   文汇出版社  1997.10
页数: 525页
开本: 32开
丛书名:
单 册:
中图分类: I25
科图分类:
主题词: 报告文学--中国 , 传记文学--中国
电子资源:
ISBN: 7-80531-446-2
 
 
 
 
 
000 00678nam0 2200205 45
001 0011110705
005 20001214160031.4
010    @a7-80531-446-2@d26.00元
100    @a20001111d1997 km y0chiy0120 ea
101 0  @achi
105    @a z 000yy
200 1  @a20世纪中国纪实文学文库1949-1966平凡与崇高 第二辑人物卷@A20 Shi Ji Zhong Guo Ji Shi Wen Xue Wen Ku 1949-1966 Ping Fan Yu Chong Gao Di Er Ji Ren Wu Juan@f柯灵主编@FKe Ling Zhu Bian
210    @a上海@c文汇出版社@d1997.10
215    @a525页@d32开
606 0  @a报告文学@x中国
606 0  @a传记文学@x中国
690    @aI25@v3
701  0 @a柯灵@4主编
801    @aCN@bPftUser@c20001111
905    @dI25@eK.513:2:2@b313214@f1
    
    20世纪中国纪实文学文库1949-1966平凡与崇高 第二辑人物卷/柯灵主编.-上海:文汇出版社,1997.10
    525页;32开
    
    
    ISBN 7-80531-446-2:26.00元
    
●
相关链接 在E读中查询图书 在当当中查询图书 在豆瓣中查询图书


正题名:20世纪中国纪实文学文库1949-1966平凡与崇     索取号:I25/K.513:2:2         预约/预借

序号 登录号 条形码 馆藏地/架位号 状态 备注
1 313214   203132145   社科二线400B/400B社科库 23排4列1层/ [索取号:I25/K.513:2:2] 在馆    
河南城建学院图书馆 欢迎您!
大连网信软件有限公司© 版权所有